000 00589nam a22001697a 4500
003 OSt
005 20240618153226.0
008 240618b ||||| |||| 00| 0 eng d
040 _cAIMIT LIBRARY
100 _aChaithali, MS.
_e2116042
_9171148
245 _aEmpirical analysis to investigate factors that have impact on customer loyalty during Harshostava at Harsha /
_cBy MS Chaithali ; Guided by Sumitha Achar.
260 _aUdupi
_c2023
650 _aTheoretical framework
_9171149
700 _aAchar, Sumitha.
_eGuide
_9171150
856 _3Prakash Retail Pvt Ltd
942 _2ddc
_cPRO
999 _c231217
_d231217